Devine le sport du champion ! Edition Jeux Olympique de Milan 2026 - Statistiques

Statistiques générales
  • Ce quiz a été pris 39 fois
  • Le résultat moyen est 7 sur 12
Statistiques - réponses
Hint Réponse % Correct
Julia Simon Biathlon
92%
Johannes Høsflot Klæbo Ski de fond
92%
Jens van 't Wout Patinage de vitesse
86%
Eileen Gu Ski acrobatique
84%
Emily Harrop Ski alpinisme
76%
Alysa Liu Patinage Artistique
62%
Franjo von Allmen Ski alpin
57%
Jens Lurås Oftebro Combiné nordique
43%
Johannes Lochner Bobsleigh
41%
Anna Odine Strøm Saut à ski
41%
Julia Taubitz Luge
35%
Matt Weston Skeleton
35%
Aucun quiz correspondant
Distribution des résultats
% des personnes avec chaque résultat
Percentile par nombre de réponses
Votre historique - résultats
Vous n’avez pas pris ce quiz